000 00232nam a2200109Ia 4500
008 190216s9999||||xx |||||||||||||| ||und||
100 _aKovilan
245 0 _aThazhvarakal
260 _bCurrent Books
650 _aNovel
942 _cBK
999 _c30385
_d30385